| 000 | 00855cam a2200277 i 4500 | ||
|---|---|---|---|
| 001 | bg | ||
| 003 | BPK | ||
| 005 | 20200904104623.0 | ||
| 008 | 050110s2004 pl a f f |000 0 pol | ||
| 015 | _aPB 2005/565 | ||
| 020 | _a8373510397 | ||
| 040 |
_aWA N _cBPK |
||
| 041 | 0 |
_apol _beng |
|
| 080 | _a620.197 | ||
| 080 | _a(075.8) | ||
| 100 | 1 |
_aKotnarowska, Danuta _d(1947- ) _eAutor |
|
| 245 | 1 | 0 |
_aPowłoki ochronne / _cDanuta Kotnarowska. |
| 260 |
_aRadom : _bPolitechnika Radomska. Wydaw., _ccop. 2004. |
||
| 300 |
_a283 s. : _bfot., rys., tab., wykr. ; _c24 cm. |
||
| 504 | _aBibliogr. s. 261-282. | ||
| 546 | _aStreszcz. ang. | ||
| 650 | 4 | _aPowłoki ochronne | |
| 655 | 4 | _aPodręczniki akademickie | |
| 856 |
_uhttp://koha.tu.koszalin.pl/cgi-bin/koha/opac-detail.pl?biblionumber=46954 _yKatalog online BPK |
||
| 942 |
_2UKD _cKS |
||
| 999 |
_c46954 _d46954 |
||